| 000 -LEADER |
| fixed length control field |
01098nam a2200253Ia 4500 |
| 001 - CONTROL NUMBER |
| control field |
20719 |
| 003 - CONTROL NUMBER IDENTIFIER |
| control field |
GE_BSU |
| 005 - DATE AND TIME OF LATEST TRANSACTION |
| control field |
20221108170502.0 |
| 008 - FIXED-LENGTH DATA ELEMENTS--GENERAL INFORMATION |
| fixed length control field |
181216s2016||||xx |||||||||||||| ||eng|| |
| 020 ## - INTERNATIONAL STANDARD BOOK NUMBER |
| International Standard Book Number |
9781137522221x |
| 040 ## - CATALOGING SOURCE |
| Transcribing agency |
GE_BSU |
| 041 ## - LANGUAGE CODE |
| Language code of text/sound track or separate title |
eng |
| 080 ## - UNIVERSAL DECIMAL CLASSIFICATION NUMBER |
| Universal Decimal Classification number |
327 Ch-52 |
| 245 ## - TITLE STATEMENT |
| Title |
China, the European Union, and the International Politics of Global Governance / |
| Statement of responsibility, etc. |
Edited by Wang, Jianwei ang Weiqing Song. |
| 264 ## - PRODUCTION, PUBLICATION, DISTRIBUTION, MANUFACTURE, AND COPYRIGHT NOTICE |
| Place of production, publication, distribution, manufacture |
New York : |
| Name of producer, publisher, distributor, manufacturer |
Palgrave macmillan, |
| Date of production, publication, distribution, manufacture, or copyright notice |
2016. |
| 300 ## - PHYSICAL DESCRIPTION |
| Extent |
290 p. ; |
| Dimensions |
22 cm. |
| 653 ## - INDEX TERM--UNCONTROLLED |
| keyword |
China, the European Union, and the International Politics of Global Governance |
| 653 ## - INDEX TERM--UNCONTROLLED |
| keyword |
Китай, Европейский союз и Международная политика глобального управления |
| 653 ## - INDEX TERM--UNCONTROLLED |
| keyword |
ჩინეთი, ევროკავშირი და გლობალური მმართველობის საერთაშორისო პოლიტიკა |
| 700 ## - ADDED ENTRY--PERSONAL NAME |
| Personal name |
Jianwei Wang |
| Relator term |
Edited by |
| 9 (RLIN) |
10382 |
| 700 ## - ADDED ENTRY--PERSONAL NAME |
| Personal name |
Song Weiqing |
| Relator term |
Edited by |
| 9 (RLIN) |
10383 |
| 942 ## - ADDED ENTRY ELEMENTS (KOHA) |
| Koha item type |
წიგნი |
| Source of classification or shelving scheme |
|